000 00542nam a2200145Ia 4500
008 231221s9999 xx 000 0 und d
020 _a978-0-8176-4539-7
041 _aEnglish
100 _aHuaguang Zhang, Derong Liu
245 0 _aFuzzy Modeling and Fuzzy Control
260 _c2006
_bBirkhäuser Boston
_aNew York
440 _aControl Engineering
650 _aSystems Theory, Control; Mathematical Modeling and Industrial Mathematics; Vibration, Dynamical Systems, Control; Electrical Engineering; Models and Principles
942 _cEB
999 _c225876
_d225876